[Event "35t. Copenhagen Open (Politiken Cup)"]
[Site "Elsinore"]
[Date "2013.07.29"]
[Round "4"]
[White "Hobber, Anders"]
[Black "Boukhris, Yacine"]
[Result "1-0"]
[WhiteElo "2278"]
[BlackElo "2058"]
[PlyCount "125"]
[EventDate "2013.07.27"]
[EventType "swiss"]
[EventRounds "10"]
[EventCountry "DEN"]
[Source "ChessBase"]
[SourceDate "2013.08.26"]

1. d4 Nf6 2. Nf3 g6 3. Nc3 d5 4. Bf4 Bg7 5. Qd2 O-O 6. Bh6 Ne4 7. Qe3 Nc6 8.
Bxg7 Kxg7 9. Nxe4 dxe4 10. Qxe4 Bf5 11. Qf4 Nb4 12. O-O-O Qd5 13. Qe5+ Qxe5 14.
Nxe5 Bxc2 15. Rd2 Bf5 16. a3 Nd5 17. e3 f6 18. Nf3 c6 19. Bd3 Bxd3 20. Rxd3
Rac8 21. Kb1 Rfd8 22. Rc1 Nc7 23. Rdd1 Ne6 24. Ne1 Rd5 25. Nd3 Rcd8 26. Re1 Kf7
27. Re2 Rh5 28. h3 Rg5 29. g3 Rgd5 30. Rec2 h5 31. b3 R8d7 32. h4 Rd8 33. Kb2
R8d7 34. b4 Kg7 35. Kb3 Kf7 36. a4 Kg7 37. Rc3 Kf7 38. R1c2 Kg7 39. Nc5 Nxc5+
40. Rxc5 a6 41. b5 axb5 42. axb5 Rxc5 43. Rxc5 cxb5 44. Kb4 e6 45. Kxb5 Kf7 46.
Kb6 Ke7 47. f4 Kd6 48. e4 f5 49. e5+ Ke7 50. Rc4 Kd8 51. Ra4 Ke7 52. Ra7 Rxd4
53. Rxb7+ Kf8 54. Kc6 Rd3 55. Rd7 Rxg3 56. Kd6 Rg4 57. Kxe6 Rxf4 58. Kf6 Ke8
59. e6 Re4 60. Ra7 Kd8 61. e7+ Ke8 62. Ra8+ Kd7 63. Rd8+ 1-0

[Event "35t. Copenhagen Open (Politiken Cup)"]
[Site "Elsinore"]
[Date "2013.07.29"]
[Round "4"]
[White "Holm, Kristian Stuvik"]
[Black "Van Kampen, Robin"]
[Result "1-0"]
[WhiteElo "2255"]
[BlackElo "2595"]
[PlyCount "69"]
[EventDate "2013.07.27"]
[EventType "swiss"]
[EventRounds "10"]
[EventCountry "DEN"]
[Source "ChessBase"]
[SourceDate "2013.08.26"]

1. d4 Nf6 2. c4 c5 3. d5 g6 4. Nc3 Bg7 5. Nf3 O-O 6. e4 e6 7. Be2 d6 8. O-O Re8
9. h3 exd5 10. exd5 Na6 11. Bd3 Qb6 12. Na4 Qc7 13. Nc3 Bd7 14. Bf4 Nh5 15. Bh2
f5 16. Nb5 Bxb5 17. cxb5 Nb8 18. Ng5 Bxb2 19. Bxf5 Ng7 20. Be6+ Nxe6 21. dxe6
h6 22. Ne4 Bxa1 23. Nxd6 Be5 24. Bxe5 Rxe6 25. Qd5 Qe7 26. Nxb7 Nd7 27. Nxc5
Nxc5 28. Qxa8+ Kf7 29. Bd4 h5 30. Qh8 Qd6 31. Qg7+ Ke8 32. Qg8+ Ke7 33. Be3 Ne4
34. Qg7+ Ke8 35. Rc1 1-0

[Event "35t. Copenhagen Open (Politiken Cup)"]
[Site "Elsinore"]
[Date "2013.07.29"]
[Round "4"]
[White "Hyldkrog, Lars"]
[Black "Maagaard, David Bille"]
[Result "1/2-1/2"]
[WhiteElo "2009"]
[BlackElo "1821"]
[PlyCount "112"]
[EventDate "2013.07.27"]
[EventType "swiss"]
[EventRounds "10"]
[EventCountry "DEN"]
[Source "ChessBase"]
[SourceDate "2013.08.26"]

1. e4 e5 2. Nf3 Nf6 3. Nxe5 d6 4. Nf3 Nxe4 5. d4 d5 6. Bd3 Be7 7. c4 c6 8. O-O
O-O 9. Nc3 f5 10. Qb3 Kh8 11. cxd5 cxd5 12. Qxd5 Nxc3 13. Qxd8 Ne2+ 14. Bxe2
Rxd8 15. Bd2 Nc6 16. Bc3 Bf6 17. Rad1 Be6 18. a3 Bb3 19. Rd2 Rd5 20. Bd1 Bxd1
21. Rfxd1 g5 22. h3 Rad8 23. Kf1 g4 24. hxg4 fxg4 25. Ne1 h5 26. Nc2 Bg5 27.
Rd3 Ne5 28. Nb4 Nxd3 29. Nxd5 Nxb2 30. Bxb2 Rxd5 31. Ke2 Kg7 32. Kd3 Kf7 33.
Re1 b5 34. Re4 Rf5 35. Ke2 Bf6 36. Bc3 Rd5 37. Kd3 Rg5 38. Bd2 Rf5 39. Ke2 Kg6
40. Bc3 Rd5 41. g3 Kf7 42. Kd3 Rf5 43. Ke2 Be7 44. Bb4 Bg5 45. Be1 Rf3 46. Re5
Kg6 47. Rxb5 Rxa3 48. Ra5 Rxa5 49. Bxa5 Kf5 50. Kd3 h4 51. gxh4 Bxh4 52. Ke3
Bg5+ 53. Kd3 Bf6 54. Ke3 Bh4 55. Be1 Bd8 56. f3 gxf3 1/2-1/2

[Event "35t. Copenhagen Open (Politiken Cup)"]
[Site "Elsinore"]
[Date "2013.07.29"]
[Round "4"]
[White "Jacobsen, Fredrik Beer"]
[Black "Haagen Larsen, Hans"]
[Result "1-0"]
[WhiteElo "1935"]
[BlackElo "1712"]
[PlyCount "69"]
[EventDate "2013.07.27"]
[EventType "swiss"]
[EventRounds "10"]
[EventCountry "DEN"]
[Source "ChessBase"]
[SourceDate "2013.08.26"]

1. e4 e6 2. d4 d5 3. Nd2 c5 4. Ngf3 dxe4 5. Nxe4 Nd7 6. c3 Ngf6 7. Bg5 Be7 8.
Bxf6 Nxf6 9. Bb5+ Bd7 10. Bxd7+ Qxd7 11. Ne5 Qb5 12. a4 Qa5 13. dxc5 Rd8 14.
Qe2 Nxe4 15. Qxe4 Qxc5 16. O-O Rd5 17. Nf3 O-O 18. c4 Rd7 19. Ne5 Qd4 20. Qe2
Rc7 21. Rad1 Qf4 22. g3 Qf5 23. f4 h5 24. b3 f6 25. Nf3 Qg4 26. Rde1 Bc5+ 27.
Kg2 Re8 28. h3 Qg6 29. Nh4 Qf7 30. f5 g5 31. fxg6 Qg7 32. Qxh5 f5 33. Nxf5 exf5
34. Rxe8+ Bf8 35. Qxf5 1-0

[Event "35t. Copenhagen Open (Politiken Cup)"]
[Site "Elsinore"]
[Date "2013.07.29"]
[Round "4"]
[White "Jensen, Ib"]
[Black "Jacobsen, Per"]
[Result "1-0"]
[WhiteElo "1977"]
[BlackElo "1641"]
[PlyCount "57"]
[EventDate "2013.07.27"]
[EventType "swiss"]
[EventRounds "10"]
[EventCountry "DEN"]
[Source "ChessBase"]
[SourceDate "2013.08.26"]

1. d4 Nf6 2. Nf3 g6 3. Nc3 Bg7 4. e4 d6 5. Be3 O-O 6. Qd2 Re8 7. Be2 Nbd7 8.
Bh6 Bh8 9. O-O-O c6 10. h3 b5 11. e5 b4 12. Nb1 Nd5 13. Ng5 dxe5 14. dxe5 Bxe5
15. g3 Qc7 16. Ne4 N7f6 17. Nc5 Qa5 18. Nd3 Bc7 19. Bf3 Qxa2 20. Bg5 Bf5 21.
Nxb4 Nxb4 22. Qxb4 Rab8 23. Qa3 Qc4 24. Qc3 Qe6 25. Rhe1 Qc8 26. Bxc6 Rd8 27.
Bxf6 exf6 28. Qxf6 Rb6 29. Rxd8+ 1-0

[Event "35t. Copenhagen Open (Politiken Cup)"]
[Site "Elsinore"]
[Date "2013.07.29"]
[Round "4"]
[White "Jensen, Tobias Ilsoe"]
[Black "Riis, Jens"]
[Result "0-1"]
[WhiteElo "1954"]
[BlackElo "2174"]
[PlyCount "46"]
[EventDate "2013.07.27"]
[EventType "swiss"]
[EventRounds "10"]
[EventCountry "DEN"]
[Source "ChessBase"]
[SourceDate "2013.08.26"]

1. d4 Nf6 2. c4 a6 3. Nc3 c5 4. d5 b5 5. cxb5 axb5 6. Nxb5 e6 7. dxe6 fxe6 8.
Nd6+ Bxd6 9. Qxd6 Ne4 10. Qd1 O-O 11. Nf3 Ba6 12. g3 Nc6 13. Be3 d5 14. Bg2 Rb8
15. Qc1 Qa5+ 16. Nd2 Nd4 17. Bxd4 cxd4 18. Bxe4 dxe4 19. O-O Bxe2 20. Re1 Rbc8
21. Nb3 Qh5 22. Qd2 Rxf2 23. h4 Qf3 0-1

[Event "35t. Copenhagen Open (Politiken Cup)"]
[Site "Elsinore"]
[Date "2013.07.29"]
[Round "4"]
[White "Jepsen, Thomas Tange"]
[Black "Stojanovski, Sandi"]
[Result "1/2-1/2"]
[WhiteElo "2079"]
[BlackElo "2270"]
[PlyCount "85"]
[EventDate "2013.07.27"]
[EventType "swiss"]
[EventRounds "10"]
[EventCountry "DEN"]
[Source "ChessBase"]
[SourceDate "2013.08.26"]

1. d4 Nf6 2. c4 e6 3. Nc3 Bb4 4. e3 O-O 5. Bd3 d5 6. a3 Bxc3+ 7. bxc3 c5 8. Nf3
Nc6 9. O-O dxc4 10. Bxc4 Qc7 11. Qe2 e5 12. d5 e4 13. dxc6 Ng4 14. g3 exf3 15.
Qxf3 Ne5 16. Qf4 Qe7 17. cxb7 Bxb7 18. Be2 Rad8 19. a4 Rd6 20. f3 Rf6 21. Qh4
Bxf3 22. Bxf3 Qe6 23. Be2 Rxf1+ 24. Kxf1 f6 25. Qe4 Rd8 26. Kg1 Qb3 27. Rb1
Qxc3 28. Bb2 Qd2 29. Bc4+ Nxc4 30. Qxc4+ Kh8 31. Qc3 Qe2 32. Re1 Rd1 33. Rxd1
Qxd1+ 34. Kf2 h6 35. a5 Qh1 36. Ke2 Qxh2+ 37. Kd3 c4+ 38. Kxc4 Qxg3 39. Qd4 a6
40. Qb6 Qf3 41. Bd4 h5 42. Kc5 Qe2 43. Bxf6 1/2-1/2

[Event "35t. Copenhagen Open (Politiken Cup)"]
[Site "Elsinore"]
[Date "2013.07.29"]
[Round "4"]
[White "Jorgensen, Rasmus"]
[Black "Rosenkilde, Alexander"]
[Result "1/2-1/2"]
[WhiteElo "2064"]
[BlackElo "2260"]
[PlyCount "117"]
[EventDate "2013.07.27"]
[EventType "swiss"]
[EventRounds "10"]
[EventCountry "DEN"]
[Source "ChessBase"]
[SourceDate "2013.08.26"]

1. c4 Nf6 2. g3 e6 3. Bg2 d5 4. Nf3 Be7 5. O-O O-O 6. b3 d4 7. Bb2 c5 8. e3 Nc6
9. exd4 cxd4 10. Re1 Ne8 11. d3 f6 12. Na3 e5 13. Nc2 Nc7 14. a3 a5 15. Qd2 Na6
16. b4 axb4 17. axb4 Ncxb4 18. Ba3 Nxc2 19. Bxe7 Qxe7 20. Qxc2 Qc7 21. Nd2 Rb8
22. Ne4 Nc5 23. Reb1 Nxe4 24. Bxe4 Bd7 25. Ra7 Bc6 26. Bxc6 Qxc6 27. Rb5 Rf7
28. Qb3 Rd7 29. Rb6 Qc5 30. Raxb7 Rbxb7 31. Rxb7 Rxb7 32. Qxb7 Kf8 33. Qd7 e4
34. Qb5 Qxb5 35. cxb5 exd3 36. Kf1 Ke7 37. Ke1 Kd6 38. Kd2 Kc5 39. Kxd3 Kxb5
40. Kxd4 Kc6 41. Ke4 Kd6 42. f4 Ke6 43. f5+ Kd6 44. g4 Kc5 45. h4 Kc4 46. g5
Kc5 47. Kf4 Kd5 48. Kg4 Ke5 49. g6 hxg6 50. fxg6 f5+ 51. Kg5 f4 52. h5 f3 53.
h6 gxh6+ 54. Kxh6 f2 55. g7 f1=Q 56. g8=Q Qh1+ 57. Kg7 Qb7+ 58. Qf7 Qxf7+ 59.
Kxf7 1/2-1/2

[Event "35t. Copenhagen Open (Politiken Cup)"]
[Site "Elsinore"]
[Date "2013.07.29"]
[Round "4"]
[White "Klings, Peter"]
[Black "Jacobsen, Mikkel Manosri"]
[Result "1-0"]
[WhiteElo "2167"]
[BlackElo "1928"]
[PlyCount "41"]
[EventDate "2013.07.27"]
[EventType "swiss"]
[EventRounds "10"]
[EventCountry "DEN"]
[Source "ChessBase"]
[SourceDate "2013.08.26"]

1. g3 Nf6 2. Bg2 d5 3. d3 Bf5 4. Nd2 e6 5. e4 Bg6 6. Qe2 Be7 7. h4 Bh5 8. f3 h6
9. g4 Bg6 10. f4 Nc6 11. c3 dxe4 12. dxe4 Qd7 13. h5 Bh7 14. g5 Ng8 15. Ngf3
O-O-O 16. Nc4 Bd6 17. Bd2 Nge7 18. O-O-O Kb8 19. Be3 Bxe4 20. Nfe5 Nxe5 21.
Nxe5 1-0

[Event "35t. Copenhagen Open (Politiken Cup)"]
[Site "Elsinore"]
[Date "2013.07.29"]
[Round "4"]
[White "Kristensen, Bjarke Hautop"]
[Black "Rolvag, Mikael"]
[Result "0-1"]
[WhiteElo "1921"]
[BlackElo "2162"]
[PlyCount "82"]
[EventDate "2013.07.27"]
[EventType "swiss"]
[EventRounds "10"]
[EventCountry "DEN"]
[Source "ChessBase"]
[SourceDate "2013.08.26"]

1. c4 c5 2. g3 g6 3. Bg2 Bg7 4. Nc3 Nc6 5. Nf3 d6 6. O-O e5 7. a3 a5 8. d3 Nge7
9. Ne1 Be6 10. Nc2 O-O 11. Ne3 Rb8 12. Ned5 Bf5 13. Bg5 f6 14. Bd2 Kh8 15. Rb1
Nxd5 16. Nxd5 Re8 17. e4 Be6 18. b4 axb4 19. axb4 b6 20. b5 Bxd5 21. exd5 Nd4
22. Ra1 Rb7 23. Ra6 f5 24. f3 h5 25. Qa4 h4 26. Ra7 Rxa7 27. Qxa7 Kh7 28. Qb7
hxg3 29. hxg3 f4 30. g4 Re7 31. Qa6 Qb8 32. Qa3 Ra7 33. Qb2 Qa8 34. Bc3 Ra2 35.
Ra1 Rxb2 36. Rxa8 Ne2+ 37. Kf1 Nxc3 38. Rd8 e4 39. dxe4 Bd4 40. Bh3 Rf2+ 41.
Ke1 Rxf3 0-1

[Event "35t. Copenhagen Open (Politiken Cup)"]
[Site "Elsinore"]
[Date "2013.07.29"]
[Round "4"]
[White "Kristensen, Lars Ostergaard"]
[Black "Hein, Jacob"]
[Result "1-0"]
[WhiteElo "1666"]
[BlackElo "1491"]
[PlyCount "93"]
[EventDate "2013.07.27"]
[EventType "swiss"]
[EventRounds "10"]
[EventCountry "DEN"]
[Source "ChessBase"]
[SourceDate "2013.08.26"]

1. d4 f5 2. g3 Nf6 3. Bg2 c6 4. c4 g6 5. Nc3 Bg7 6. Nf3 d6 7. O-O O-O 8. Qd3
Na6 9. a3 Qc7 10. d5 Nc5 11. Qc2 e5 12. dxe6 Bxe6 13. b4 Nce4 14. Bb2 Bxc4 15.
Nxe4 Ba6 16. Nxf6+ Bxf6 17. Bxf6 Rxf6 18. a4 Qe7 19. Rfe1 Raf8 20. e3 Qe4 21.
Qb2 Qe7 22. b5 cxb5 23. axb5 Bxb5 24. Qxb5 a6 25. Qd5+ Qf7 26. Qxf7+ R6xf7 27.
Red1 Rd8 28. Ng5 Re7 29. Bd5+ Kf8 30. Ne6+ Rxe6 31. Bxe6 Ke7 32. Bd5 Rd7 33.
Rdb1 Kf6 34. Rxb7 Rxb7 35. Bxb7 a5 36. Rxa5 Kg5 37. Rd5 Kg4 38. Kg2 Kg5 39.
Rxd6 f4 40. exf4+ Kh6 41. Kh3 Kh5 42. Bf3+ Kh6 43. Kh4 Kg7 44. Rd7+ Kh6 45. Rd6
Kg7 46. f5 gxf5 47. Kg5 1-0

[Event "35t. Copenhagen Open (Politiken Cup)"]
[Site "Elsinore"]
[Date "2013.07.29"]
[Round "4"]
[White "Kunin, Vitaly"]
[Black "Edouard, Romain"]
[Result "1/2-1/2"]
[WhiteElo "2502"]
[BlackElo "2662"]
[PlyCount "68"]
[EventDate "2013.07.27"]
[EventType "swiss"]
[EventRounds "10"]
[EventCountry "DEN"]
[Source "ChessBase"]
[SourceDate "2013.08.26"]

1. d4 e6 2. c4 Bb4+ 3. Bd2 a5 4. Nf3 d6 5. Qa4+ Bd7 6. Qc2 Nc6 7. e3 Nf6 8. Be2
O-O 9. O-O Bxd2 10. Qxd2 Ne4 11. Qc2 f5 12. Nc3 Nxc3 13. Qxc3 Qe7 14. d5 Nd8
15. b3 b6 16. a3 e5 17. b4 Nb7 18. Nd2 Ra7 19. Bd3 Rfa8 20. Bc2 g6 21. h3 Qg7
22. b5 Re8 23. f4 Nc5 24. Rae1 Raa8 25. e4 exf4 26. Qxg7+ Kxg7 27. exf5 Rxe1
28. Rxe1 gxf5 29. Rf1 Re8 30. Rxf4 Re2 31. Rf2 Re1+ 32. Rf1 Re2 33. Rf2 Re1+
34. Rf1 Re2 1/2-1/2

[Event "35t. Copenhagen Open (Politiken Cup)"]
[Site "Elsinore"]
[Date "2013.07.29"]
[Round "4"]
[White "Kyrkjebo, Eirik"]
[Black "Klitgaard, Ebbe"]
[Result "0-1"]
[WhiteElo "1711"]
[BlackElo "1935"]
[PlyCount "78"]
[EventDate "2013.07.27"]
[EventType "swiss"]
[EventRounds "10"]
[EventCountry "DEN"]
[Source "ChessBase"]
[SourceDate "2013.08.26"]

1. e4 d5 2. exd5 Qxd5 3. d4 Nf6 4. c4 Qd8 5. Nf3 Bf5 6. Qb3 b6 7. c5 Nc6 8. Bb5
Bd7 9. Qa4 Nb8 10. c6 Bf5 11. O-O e6 12. Bg5 Be7 13. Nc3 O-O 14. Rad1 Nd5 15.
Nxd5 exd5 16. Bxe7 Qxe7 17. Rfe1 Qd6 18. Re5 Be6 19. Rde1 h6 20. Nh4 a6 21. Nf5
Bxf5 22. Rxf5 Rd8 23. Rfe5 Nd7 24. cxd7 axb5 25. Re8+ Kh7 26. Qxb5 c6 27. Qd3+
g6 28. Qf3 Kg7 29. R1e7 Qf6 30. Qe3 Qf5 31. h3 Qb1+ 32. Kh2 Qf5 33. Qc3 Qxf2
34. Qxc6 Qf4+ 35. Kg1 Qxd4+ 36. Re3 Rxa2 37. Kh2 Rxb2 38. Qc7 Rxd7 39. Qxd7
Qf4+ 0-1

[Event "35t. Copenhagen Open (Politiken Cup)"]
[Site "Elsinore"]
[Date "2013.07.29"]
[Round "4"]
[White "Kyrkjebo, Hanna Bakken"]
[Black "Zyde, Fadmal"]
[Result "1/2-1/2"]
[WhiteElo "1577"]
[BlackElo "1675"]
[PlyCount "155"]
[EventDate "2013.07.27"]
[EventType "swiss"]
[EventRounds "10"]
[EventCountry "DEN"]
[Source "ChessBase"]
[SourceDate "2013.08.26"]

1. e4 e5 2. Nf3 Nc6 3. Nc3 Nf6 4. Bb5 d6 5. d4 exd4 6. Nxd4 Bd7 7. Bxc6 bxc6 8.
Qf3 Be7 9. e5 dxe5 10. Nxc6 Bg4 11. Qg3 Qd6 12. Nxe5 Qe6 13. O-O Bd6 14. f4
Bxe5 15. fxe5 Nd7 16. Re1 O-O 17. Kh1 Bf5 18. Qf2 Nxe5 19. Qc5 f6 20. Bf4 Qd6
21. Qa5 Rfe8 22. Nb5 Qc5 23. Be3 Qd5 24. Rad1 Nd3 25. cxd3 c6 26. Qa3 cxb5 27.
Qb4 a5 28. Qd2 Red8 29. d4 a4 30. a3 Be4 31. Rc1 Rac8 32. Qe2 Qb3 33. Bg1 Bd3
34. Qd2 Bc2 35. Qb4 Qxb4 36. axb4 Bb3 37. Rc5 Bc4 38. Rd1 Rb8 39. d5 Rb7 40.
Be3 Re7 41. Bg1 Kf7 42. h3 Re2 43. Rc7+ Kg6 44. d6 Rxb2 45. d7 Be6 46. Ra7 Rxb4
47. Bb6 Rxd7 48. Rdxd7 Bxd7 49. Rxd7 a3 50. Ra7 Rb3 51. Bc5 b4 52. Ra4 Rc3 53.
Bd4 Rc4 54. Be3 Kf5 55. Kg1 Ke4 56. Bd2 Kd3 57. Bxb4 Ke4 58. Rxa3 Rxb4 59. Rf3
Rb6 60. Kf2 Rb2+ 61. Kg3 Rb6 62. Kg4 g6 63. Kg3 h5 64. h4 f5 65. Rf4+ Ke5 66.
Rf3 Rb4 67. Re3+ Re4 68. Rf3 Rg4+ 69. Kh3 Ke4 70. Rb3 f4 71. Rb4+ Ke3 72. Rb3+
Kd4 73. Rb4+ Kc5 74. Re4 Kd5 75. Rb4 Rg3+ 76. Kh2 Ke5 77. Rb5+ Kf6 78. Rc5
1/2-1/2

[Event "35t. Copenhagen Open (Politiken Cup)"]
[Site "Elsinore"]
[Date "2013.07.29"]
[Round "4"]
[White "Kyrkjebo, Marte Bakken"]
[Black "Sjol, Henrik"]
[Result "1/2-1/2"]
[WhiteElo "1641"]
[BlackElo "1871"]
[PlyCount "106"]
[EventDate "2013.07.27"]
[EventType "swiss"]
[EventRounds "10"]
[EventCountry "DEN"]
[Source "ChessBase"]
[SourceDate "2013.08.26"]

1. e4 c5 2. Nc3 e6 3. g3 Nc6 4. Bg2 a6 5. d3 b5 6. f4 Bb7 7. Nf3 Qb6 8. Be3 Nf6
9. h3 d5 10. e5 Nd7 11. Bf2 Be7 12. O-O O-O 13. g4 f6 14. exf6 Bxf6 15. Qd2 Qc7
16. Bg3 Nd4 17. Nxd4 Bxd4+ 18. Kh2 Qb6 19. Rae1 Rae8 20. f5 b4 21. Nd1 exf5 22.
Rxe8 Rxe8 23. Rxf5 Qe6 24. Bf2 g6 25. Rf3 Be5+ 26. Bg3 d4 27. Rf2 Bxg3+ 28.
Kxg3 Bxg2 29. Kxg2 Qd5+ 30. Kh2 Qxa2 31. Qf4 Qe6 32. b3 Rf8 33. Qg3 Rxf2+ 34.
Qxf2 Qe5+ 35. Kg2 Nf6 36. Nb2 Nd5 37. Nc4 Qf4 38. Qxf4 Nxf4+ 39. Kg3 Nd5 40.
Kf3 Kf7 41. Nd6+ Ke7 42. Ne4 Ne3 43. Nxc5 Nxc2 44. Nxa6 Kd6 45. Ke2 Na1 46.
Nxb4 Nxb3 47. Nc2 Ke5 48. Kf3 Nc5 49. Nb4 Ne6 50. h4 h6 51. Nc6+ Kd6 52. Nb4
Ke5 53. Nc6+ Kd6 1/2-1/2

[Event "35t. Copenhagen Open (Politiken Cup)"]
[Site "Elsinore"]
[Date "2013.07.29"]
[Round "4"]
[White "Larsen, Karsten"]
[Black "Carnstam, Tomas"]
[Result "1-0"]
[WhiteElo "2270"]
[BlackElo "2052"]
[PlyCount "69"]
[EventDate "2013.07.27"]
[EventType "swiss"]
[EventRounds "10"]
[EventCountry "DEN"]
[Source "ChessBase"]
[SourceDate "2013.08.26"]

1. e4 g6 2. d4 Bg7 3. Nf3 d6 4. Bd3 c5 5. d5 Nf6 6. Nc3 O-O 7. O-O Na6 8. h3
Nc7 9. Re1 e5 10. dxe6 fxe6 11. e5 dxe5 12. Nxe5 Nfd5 13. Bd2 Nxc3 14. Bxc3 Nd5
15. Bd2 Qf6 16. Qe2 Nf4 17. Bxf4 Qxf4 18. g3 Qb4 19. c3 Qb6 20. Bc4 Bxe5 21.
Qxe5 Qxb2 22. Qxc5 b6 23. Qd4 Rf7 24. Rad1 Qc2 25. Rd3 Bd7 26. Rxe6 Bxe6 27.
Bxe6 Raf8 28. Rf3 Qc1+ 29. Kg2 Qg5 30. Qd5 Qxd5 31. Bxd5 Kg7 32. Rxf7+ Rxf7 33.
Bxf7 Kxf7 34. Kf3 Ke6 35. Ke4 1-0

[Event "35t. Copenhagen Open (Politiken Cup)"]
[Site "Elsinore"]
[Date "2013.07.29"]
[Round "4"]
[White "Larsen, Ulrik"]
[Black "Percivaldi, Martin"]
[Result "0-1"]
[WhiteElo "1992"]
[BlackElo "2178"]
[PlyCount "64"]
[EventDate "2013.07.27"]
[EventType "swiss"]
[EventRounds "10"]
[EventCountry "DEN"]
[Source "ChessBase"]
[SourceDate "2013.08.26"]

1. e4 e6 2. d4 d5 3. Nc3 Nf6 4. Bg5 Bb4 5. e5 h6 6. Bd2 Bxc3 7. bxc3 Ne4 8. Bd3
Nxd2 9. Qxd2 c5 10. Nf3 c4 11. Be2 Nc6 12. h4 Rb8 13. Rh3 b5 14. Rg3 Kf8 15.
Qf4 Rg8 16. Nh2 Bd7 17. Bh5 Be8 18. Ng4 Qxh4 19. Rh3 Qg5 20. Qh2 b4 21. Ne3
bxc3 22. Rg3 Qd8 23. Rg4 Rb2 24. Qf4 Nb4 25. Bg6 Rh8 26. a3 Nc6 27. Ke2 Qd7 28.
Rh1 Ne7 29. Rh3 Nxg6 30. Rxg6 f5 31. exf6 Bxg6 32. Rg3 Qf7 0-1

[Event "35t. Copenhagen Open (Politiken Cup)"]
[Site "Elsinore"]
[Date "2013.07.29"]
[Round "4"]
[White "Larsen, Ulrik Jejlskov"]
[Black "Rasmussen, Morten Fredsgaard"]
[Result "0-1"]
[WhiteElo "1700"]
[BlackElo "1920"]
[PlyCount "64"]
[EventDate "2013.07.27"]
[EventType "swiss"]
[EventRounds "10"]
[EventCountry "DEN"]
[Source "ChessBase"]
[SourceDate "2013.08.26"]

1. d4 d5 2. Nf3 Nf6 3. e3 c6 4. Bd3 Bg4 5. c4 dxc4 6. Bxc4 e6 7. Qb3 Qb6 8. Ne5
Bf5 9. Nd2 Nbd7 10. Ndf3 Bb4+ 11. Bd2 Bxd2+ 12. Nxd2 Qxb3 13. Bxb3 Nxe5 14.
dxe5 Ng4 15. Nc4 b5 16. Nd6+ Ke7 17. Nxf5+ exf5 18. O-O Nxe5 19. Rac1 Rac8 20.
Bc2 g6 21. Rfd1 Rhd8 22. Rxd8 Rxd8 23. Bd1 Rd2 24. Bc2 c5 25. Kf1 c4 26. Ke1
Rd6 27. f4 Nd3+ 28. Bxd3 Rxd3 29. Ke2 Kd6 30. a4 a6 31. axb5 axb5 32. b3 Rxb3
0-1

[Event "35t. Copenhagen Open (Politiken Cup)"]
[Site "Elsinore"]
[Date "2013.07.29"]
[Round "4"]
[White "Lofgren, Claes"]
[Black "Knudsen, Jes West"]
[Result "0-1"]
[WhiteElo "2127"]
[BlackElo "1886"]
[PlyCount "42"]
[EventDate "2013.07.27"]
[EventType "swiss"]
[EventRounds "10"]
[EventCountry "DEN"]
[Source "ChessBase"]
[SourceDate "2013.08.26"]

1. d4 d6 2. Nf3 f5 3. c4 Nf6 4. g3 g6 5. Bg2 Bg7 6. O-O O-O 7. Nc3 Nc6 8. d5
Ne5 9. Nxe5 dxe5 10. e4 f4 11. Qe2 g5 12. f3 fxg3 13. hxg3 Nh5 14. Kh2 Qd6 15.
f4 Nxg3 16. Kxg3 exf4+ 17. Kf2 f3 18. Bxf3 g4 19. Kg2 Qg6 20. Kh1 gxf3 21. Qh2
Be5 0-1

[Event "35t. Copenhagen Open (Politiken Cup)"]
[Site "Elsinore"]
[Date "2013.07.29"]
[Round "4"]
[White "Lundberg, Roland"]
[Black "Leutwyler, Martin"]
[Result "1/2-1/2"]
[WhiteElo "1996"]
[BlackElo "2180"]
[PlyCount "49"]
[EventDate "2013.07.27"]
[EventType "swiss"]
[EventRounds "10"]
[EventCountry "DEN"]
[Source "ChessBase"]
[SourceDate "2013.08.26"]

1. Nf3 Nf6 2. g3 d5 3. c4 e6 4. Bg2 Be7 5. O-O O-O 6. Qc2 c5 7. cxd5 Nxd5 8.
Nc3 Nc6 9. d3 b6 10. Rd1 Ndb4 11. Qb1 Ba6 12. a4 Rc8 13. Nb5 Bf6 14. e3 Qe7 15.
Bd2 e5 16. Bc3 Rcd8 17. Nd2 Rd7 18. Ne4 Rfd8 19. Nxf6+ Qxf6 20. f4 Nxd3 21. Be4
Nxf4 22. Rxd7 Ne2+ 23. Kg2 Rxd7 24. Be1 Ned4 25. exd4 1/2-1/2

[Event "35t. Copenhagen Open (Politiken Cup)"]
[Site "Elsinore"]
[Date "2013.07.29"]
[Round "4"]
[White "Madsen, Ole Rysgaard"]
[Black "Eddy, Samuel"]
[Result "1/2-1/2"]
[WhiteElo "1919"]
[BlackElo "2096"]
[PlyCount "49"]
[EventDate "2013.07.27"]
[EventType "swiss"]
[EventRounds "10"]
[EventCountry "DEN"]
[Source "ChessBase"]
[SourceDate "2013.08.26"]

1. Nf3 Nf6 2. g3 d6 3. d3 e5 4. Bg2 g6 5. c4 Bg7 6. Nc3 Nc6 7. O-O O-O 8. a3
Nh5 9. Ng5 h6 10. Nge4 f5 11. Nd2 f4 12. Nde4 Bg4 13. h3 Be6 14. Kh2 Nd4 15.
Nb5 Nxb5 16. cxb5 Qe7 17. Bd2 fxg3+ 18. fxg3 Rxf1 19. Qxf1 Rf8 20. Qg1 c5 21.
bxc6 bxc6 22. Rc1 Bd5 23. Bb4 Bxe4 24. Bxe4 c5 25. Bd2 1/2-1/2

[Event "35t. Copenhagen Open (Politiken Cup)"]
[Site "Elsinore"]
[Date "2013.07.29"]
[Round "4"]
[White "Marder, Simon"]
[Black "Rose, Dennis Lauge"]
[Result "1-0"]
[WhiteElo "2049"]
[BlackElo "1827"]
[PlyCount "137"]
[EventDate "2013.07.27"]
[EventType "swiss"]
[EventRounds "10"]
[EventCountry "DEN"]
[Source "ChessBase"]
[SourceDate "2013.08.26"]

1. d4 f5 2. Nc3 Nf6 3. e4 fxe4 4. Bg5 e3 5. fxe3 e6 6. e4 Be7 7. Nf3 b6 8. Bd3
Bb7 9. Qe2 Nc6 10. a3 a6 11. d5 Nb8 12. dxe6 dxe6 13. Rd1 Nfd7 14. Be3 Bf6 15.
e5 Bh4+ 16. g3 O-O 17. O-O Be7 18. Bc4 Qe8 19. Bxe6+ Kh8 20. Bd5 c6 21. Bc4 b5
22. Ba2 Rxf3 23. Qxf3 Nxe5 24. Qe4 Bf6 25. Rd6 Nbd7 26. Re6 Qc8 27. Qf5 Qc7 28.
Rf2 Rf8 29. Kf1 Bc8 30. Bf4 g6 31. Qe4 Nc5 32. Qe2 Nxe6 33. Bxe6 Bxe6 34. Bxe5
Bxe5 35. Rxf8+ Kg7 36. Qf2 Qd6 37. Rf3 Bc4+ 38. Kg2 Bd4 39. Qd2 Qe5 40. Qf4 g5
41. Qxe5+ Bxe5 42. g4 Bf4 43. Rxf4 gxf4 44. Kf3 a5 45. Kxf4 b4 46. axb4 axb4
47. Ne4 Be2 48. h4 Bd1 49. c3 bxc3 50. Nxc3 Bc2 51. Ke5 Bb3 52. Kd6 h6 53. Kxc6
Be6 54. g5 hxg5 55. hxg5 Kg6 56. b4 Bc4 57. Kc5 Bd3 58. Kd4 Ba6 59. Ne4 Kf5 60.
Ke3 Kg6 61. Kf4 Kf7 62. b5 Bxb5 63. Nd6+ Kg6 64. Nxb5 Kf7 65. Kf5 Kg7 66. Nd6
Kf8 67. Kf6 Kg8 68. Kg6 Kh8 69. Kf7 1-0

[Event "35t. Copenhagen Open (Politiken Cup)"]
[Site "Elsinore"]
[Date "2013.07.29"]
[Round "4"]
[White "Marthedal, Anton Mehmet Yildiz"]
[Black "Molvig, Julius"]
[Result "0-1"]
[WhiteElo "1644"]
[BlackElo "1889"]
[PlyCount "72"]
[EventDate "2013.07.27"]
[EventType "swiss"]
[EventRounds "10"]
[EventCountry "DEN"]
[Source "ChessBase"]
[SourceDate "2013.08.26"]

1. e4 c5 2. Nc3 Nc6 3. f4 e6 4. Nf3 a6 5. a4 Qc7 6. d3 d6 7. Be2 Nf6 8. O-O b6
9. Qe1 Nd4 10. Qh4 Nxc2 11. Rb1 Bb7 12. Bd1 Nb4 13. e5 Nfd5 14. Nxd5 Bxd5 15.
d4 Be4 16. exd6 Qxd6 17. Ra1 cxd4 18. Ng5 Bg6 19. Bf3 Rc8 20. Bd2 Nd3 21. Bb7
Rc2 22. Bxa6 f6 23. Bb5+ Ke7 24. f5 Bxf5 25. Rxf5 exf5 26. Re1+ Nxe1 27. Qxe1+
Qe5 28. Bb4+ Rc5 29. Qxe5+ fxe5 30. Bxc5+ bxc5 31. Bc4 g6 32. a5 Bg7 33. Ne6
Bh6 34. Bd5 Kd6 35. Bb7 Kxe6 36. a6 c4 0-1